Städte des Ruhrgebiets - Statistiken

Allgemein
  • Dieses Quiz wurde 458 mal gespielt
  • Das Durchschnittsergebnis liegt bei 10 aus 15
Antwortstatistiken
Städte und Kreise % Korrekt
Essen
97%
Dortmund
95%
Bochum
92%
Duisburg
91%
Gelsenkirchen
88%
Oberhausen
77%
Herne
74%
Bottrop
71%
Recklinghausen
68%
Hagen
62%
Hamm
57%
Unna
49%
Wesel
29%
Ennepe-Ruhr Kreis
19%
Mülheim an der Ruhr
3%
Keine übereinstimmenden Quizze gefunden
Verteilung der Resultate
Anzahl Personen mit jedem Resultat
Perzentil nach korrekt beantworteten Fragen
Ihre Resultats-Entwicklung
Sie haben dieses Quiz noch nicht gespielt